Topological nonlinear analysis II : degree, singularity and variations

Αποθηκεύτηκε σε:
Λεπτομέρειες βιβλιογραφικής εγγραφής
Άλλοι συγγραφείς: Matzeu, M. (Michele) (Επιμελητής έκδοσης), Vignoli, Alfonso 1940- (Επιμελητής έκδοσης)
Μορφή: Βιβλίο
Γλώσσα:English
Δημοσίευση: Boston : Birkhauser, c1997
Σειρά:Progress in nonlinear differential equations and their applications ; ; 27
Θέματα:
Ετικέτες: Προσθήκη ετικέτας
Δεν υπάρχουν, Καταχωρήστε ετικέτα πρώτοι!

MARC

LEADER 00000nam a2200000 i 4500
001 1/76655
008 990602s1997 eng d
020 |a 0-8176-3886-5 
035 |l 10049664 
040 |a GR-MY-UA  |b gre  |e aacr 
041 0 |a eng 
082 0 |a 515.355 
245 1 0 |a Topological nonlinear analysis II :  |b degree, singularity and variations /  |c Michele Matzeu, Alfonso Vignoli, editors 
260 |a Boston :   |b Birkhauser,   |c c1997 
300 |a vi, 601 p.;  |b ill.;  |c 24 cm. 
490 1 |a Progress in nonlinear differential equations and their applicatins  |v ; 27 
500 |a Includes bibliographical references 
650 0 0 |a Nonlinear functional analysis. 
650 0 0 |a Topological algebras. 
700 1 |a Matzeu, M.  |q (Michele)  |4 edt 
700 1 |a Vignoli, Alfonso  |d 1940-  |4 edt 
830 0 |a Progress in nonlinear differential equations and their applications ;  |v ; 27 
852 |a INST  |b SAMOS  |e 19990602  |h 515.355 TOP  |p 005300014871  |q 005300014871  |t BK  |y 0  |z v.2 
852 |a INST  |b SAMOS  |e 19990602  |h 515.355 TOP  |p 005300014871  |q 005300014871  |t BK  |v v.2:  |y 0  |z v.2 
853 |a INST  |b SAMOS  |h 515.355 TOP 
901 |a BIBL3-1999-2 
909 |a Σ  |b 064552 
922 |a 3ΕΛΗ  |b 199903  |c ΚΠΣ  |d GLORY 
950 |a 116-1998-08-10